000 03927cgm a2200769Ka 4500
001 52890387
003 OCoLC
005 20241220103254.0
007 vd cvaizk
008 030821s2003 cau100 g vaeng d
020 _a078884508X
024 1 _a786936215595
028 4 2 _a30078
028 4 2 _bBuena Vista Home Entertainment
035 _a(Sirsi) i9780788845086
037 _bMidwest Tapes
_nhttp://www.midwesttapes.com
040 _aTEFMT
_cTEFMT
_dTEF
_dSPL
_dUUP
_e
041 1 _aeng
_afre
_aspa
_beng
_heng
049 _aUUP4
082 _a791.437
092 _a791.437
099 _aDVD
_aj
_a791.433
_aF494
245 0 0 _aFinding Nemo
246 1 _iTitle on container :
_aWalt Disney Pictures presents Finding Nemo.
250 _aSpecial ed.
260 _aBurbank, Calif. :
_bBuena Vista Home Entertainment,
_c04 NOV
264 _aBurbank, Calif. :
_bBuena Vista Home Entertainment,
_c04 NOV
300 _a2 videodiscs (100 min.) :
_bsd., col. ;
_c4 3/4 in.
500 _aSpecial features: widescreen (1.78:1) and full screen (1.33:1) presentations; Disc 1: visual commentary, including deleted scenes; "Making Nemo" documentary; the art of Nemo narrated by the artists; turn your TV into a virtual aquarium with scenes from the movie; Disc 2: "Exploring the reef" with Jean-Michel Cousteau and all your Nemo friends; Pixar Animation Studios short film "Knick knack"; a peek at the next Pixar Animation Studios film "The incredibles"; "Fisharades" game; learning fun with "Mr. Ray's encyclopedia"; a behind-the-scenes studio tour.
508 _aDirectors of photography, Sharon Calahan, Jeremy Lasky ; animators, Brett Coderre ... [et al.] ; art directors, Randy Berrett ... [et al.] ; editor, David Ian Salter ; original music, Thomas Newman.
511 0 _aVoices: Albert Brooks, Ellen Degeneres, Alexander Gould, Willem Dafoe, Brad Garrett, Allison Janney, Austin Pendleton, Stephen Root, Vicki Lewis, Geoffrey Rush, Elizabeth Perkins.
520 _aThe fretful Marlin and his young son Nemo become separated from each other in the Great Barrier Reef. Nemo, a clown fish, is unexpectedly taken from his home and thrust into a fish tank in a dentist's office overlooking Sydney Harbor. Buoyed by the companionship of a friendly fish named Dory, Malin embarks on a dangerous trek and finds himself the unlikely hero.
521 8 _aMPAA rating: G.
538 _aDVD, Region 1 encoding, Dolby digital 5.1 surround, EX, THX-certified including THX optimizer.
546 _aEnglish, French dubbed, or Spanish dubbed dialogue; Closed-captioned.
650 0 _aAnemonefishes
_vJuvenile films.
_96476293
650 0 _aFathers and sons
_vJuvenile films.
_95714631
650 0 _aAquariums
_zAustralia
_zSydney Harbour
_vJuvenile films.
_96476294
655 0 _aAnimated films.
_96089495
655 7 _aChildren's films.
_2local
_96089496
655 7 _aClosed captioned.
_2local
_96089497
700 1 _aWalters, Graham.
_912854
700 1 _aStanton, Andrew.
_969885
700 1 _aPeterson, Bob.
_948276
700 1 _aReynolds, David.
_960674
700 1 _aUnkrich, Lee.
_970400
700 1 _aBrooks, Albert,
_d1947-
_929904
700 1 _aDeGeneres, Ellen.
_960968
700 1 _aGould, Alexander,
_d1994-
_970123
700 1 _aDafoe, Willem.
_959728
700 1 _aGarrett, Brad,
_d1960-
_977092
700 1 _aJanney, Allison.
_966527
700 1 _aPendleton, Austin,
_d1970-
_96089498
700 1 _aRoot, Stephen.
_966933
700 1 _aLewis, Vicki.
_964489
700 1 _aRush, Geoffrey,
_d1951-
_976388
700 1 _aPerkins, Elizabeth,
_d1960-
_962804
700 1 _aCalahan, Sharon.
_972371
700 1 _aLasky, Jeremy.
_972372
700 1 _aSalter, David Ian,
_d1966-
_972373
700 1 _aNewman, Thomas.
_971761
710 2 _aWalt Disney Pictures.
_922141
710 2 _aPixar (Firm)
_932746
710 2 _aBuena Vista Home Entertainment (Firm)
_964615
752 _apa.
942 _cDVD
_2ddc
999 _c4330
_d4330